[Event "Winter Chess"]
[Site "?"]
[Date "2013.12.30"]
[Round "4.1"]
[White "McNab, Colin"]
[Black "Bremner, Adam"]
[Result "1-0"]
[LiveChessVersion "1.4.2"]
[BlackElo "2189"]
[WhiteElo "2457"]

1. c4 {[%clk 1:30:56]} Nf6 {[%clk 1:24:14]} 2. g3 {[%clk 1:30:15]} e6
{[%clk 1:24:37]} 3. Nf3 {[%clk 1:30:10]} d5 {[%clk 1:24:52]} 4. b3
{[%clk 1:30:23]} Be7 {[%clk 1:25:11]} 5. Bg2 {[%clk 1:30:45]} O-O
{[%clk 1:25:33]} 6. O-O {[%clk 1:30:59]} a5 {[%clk 1:25:57]} 7. Ba3
{[%clk 1:26:02]} Bxa3 {[%clk 1:20:39]} 8. Nxa3 {[%clk 1:25:25]} Qe7
{[%clk 1:20:49]} 9. Qc1 {[%clk 1:24:06]} c6 {[%clk 1:20:55]} 10. Qb2
{[%clk 1:22:30]} Na6 {[%clk 1:12:52]} 11. d3 {[%clk 1:17:12]} Re8
{[%clk 1:08:06]} 12. Rfc1 {[%clk 1:05:12]} e5 {[%clk 1:07:28]} 13. cxd5
{[%clk 0:57:30]} cxd5 {[%clk 1:05:19]} 14. Nb5 {[%clk 0:55:21]} Bd7
{[%clk 0:59:53]} 15. a4 {[%clk 0:47:49]} Bc6 {[%clk 0:56:43]} 16. d4
{[%clk 0:44:38]} e4 {[%clk 0:51:39]} 17. Ne5 {[%clk 0:44:31]} Nb4
{[%clk 0:47:38]} 18. Qc3 {[%clk 0:41:05]} Nd7 {[%clk 0:44:04]} 19. Nxc6
{[%clk 0:40:08]} bxc6 {[%clk 0:42:56]} 20. Nc7 {[%clk 0:40:23]} Rab8
{[%clk 0:42:33]} 21. Nxe8 {[%clk 0:40:29]} Qxe8 {[%clk 0:42:57]} 22. Bh3
{[%clk 0:40:15]} g6 {[%clk 0:43:07]} 23. Bxd7 {[%clk 0:39:46]} Qxd7
{[%clk 0:43:31]} 24. Qe3 {[%clk 0:39:09]} Qc7 {[%clk 0:42:34]} 25. Rc5
{[%clk 0:37:11]} Kg7 {[%clk 0:42:56]} 26. Kg2 {[%clk 0:35:54]} h6
{[%clk 0:43:18]} 27. g4 {[%clk 0:25:40]} g5 {[%clk 0:43:34]} 28. Qg3
{[%clk 0:24:27]} Qxg3+ {[%clk 0:43:49]} 29. fxg3 {[%clk 0:19:29]} Ra8
{[%clk 0:43:53]} 30. Rf1 {[%clk 0:18:16]} f6 {[%clk 0:43:57]} 31. Kf2
{[%clk 0:17:11]} Kg6 {[%clk 0:43:44]} 32. Ke3 {[%clk 0:17:00]} Ra7
{[%clk 0:44:03]} 33. Kd2 {[%clk 0:15:34]} Ra8 {[%clk 0:44:28]} 34. h3
{[%clk 0:15:06]} Ra7 {[%clk 0:44:53]} 35. Kc3 {[%clk 0:14:04]} Ra8
{[%clk 0:45:19]} 36. Rxa5 {[%clk 0:10:44]} Na2+ {[%clk 0:45:40]} 37. Kb2
{[%clk 0:11:06]} Rxa5 {[%clk 0:46:06]} 38. Kxa2 {[%clk 0:11:30]} c5
{[%clk 0:46:14]} 39. Ka3 {[%clk 0:11:21]} cxd4 {[%clk 0:46:32]} 40. b4
{[%clk 0:10:59]} Ra8 {[%clk 0:46:47]} 41. b5 {[%clk 0:11:02]} Rc8
{[%clk 0:46:58]} 42. b6 {[%clk 0:10:35]} Rc3+ {[%clk 0:46:52]} 43. Kb4
{[%clk 0:10:25]} Rc2 44. Rb1 {[%clk 0:10:25]} d3 45. exd3 {[%clk 0:10:25]} e3 46.
b7 {[%clk 0:10:25]} e2 47. Kb3 {[%clk 0:10:25]} 1-0

[Event "Winter Chess"]
[Site "?"]
[Date "2013.12.30"]
[Round "4.2"]
[White "MacQueen, Calum"]
[Black "Berry, Neil"]
[Result "0-1"]
[LiveChessVersion "1.4.2"]
[BlackElo "2242"]
[WhiteElo "2240"]

1. d4 {[%clk 1:24:09]} d5 {[%clk 1:30:17]} 2. c4 {[%clk 1:24:31]} e6
{[%clk 1:30:42]} 3. Nc3 {[%clk 1:24:55]} Bb4 {[%clk 1:27:34]} 4. Nf3
{[%clk 1:21:00]} Nf6 {[%clk 1:24:34]} 5. e3 {[%clk 1:20:25]} O-O {[%clk 1:23:43]}
6. Bd3 {[%clk 1:19:39]} c5 {[%clk 1:23:27]} 7. O-O {[%clk 1:19:30]} cxd4
{[%clk 1:21:59]} 8. exd4 {[%clk 1:16:51]} dxc4 {[%clk 1:22:20]} 9. Bxc4
{[%clk 1:17:18]} b6 {[%clk 1:22:36]} 10. Bg5 {[%clk 1:16:10]} Bb7
{[%clk 1:22:58]} 11. Ne5 {[%clk 1:12:17]} Nc6 {[%clk 1:14:02]} 12. Qa4
{[%clk 0:56:11]} Bxc3 {[%clk 0:57:46]} 13. bxc3 {[%clk 0:56:31]} Nxe5
{[%clk 0:52:22]} 14. dxe5 {[%clk 0:56:42]} Qd7 {[%clk 0:52:38]} 15. Qb3
{[%clk 0:48:31]} Qc6 {[%clk 0:48:03]} 16. f3 {[%clk 0:46:07]} Qc5+
{[%clk 0:48:20]} 17. Kh1 {[%clk 0:41:26]} Qxe5 {[%clk 0:48:39]} 18. Bh4
{[%clk 0:41:21]} Rac8 {[%clk 0:44:16]} 19. Rad1 {[%clk 0:39:32]} Nd5
{[%clk 0:41:34]} 20. Bxd5 Bxd5 {[%clk 0:41:42]} 21. Qa3 {[%clk 0:32:08]} Rxc3
{[%clk 0:24:52]} 22. Qxa7 {[%clk 0:30:23]} Qe2 {[%clk 0:11:48]} 23. Qxb6
{[%clk 0:28:34]} Rxf3 24. Rfe1 {[%clk 0:28:34]} Rf1+ 25. Rxf1 {[%clk 0:28:34]}
Qxg2# 0-1

[Event "Winter Chess"]
[Site "?"]
[Date "2013.12.30"]
[Round "4.3"]
[White "Steil-Antoni, Fiona"]
[Black "Burnett, Andrew"]
[Result "1/2-1/2"]
[LiveChessVersion "1.4.2"]
[BlackElo "2209"]
[WhiteElo "2190"]

1. e4 {[%clk 1:25:55]} d6 {[%clk 1:28:53]} 2. d4 {[%clk 1:26:18]} Nf6
{[%clk 1:29:18]} 3. Nc3 {[%clk 1:26:42]} e5 {[%clk 1:29:35]} 4. Nf3
{[%clk 1:25:25]} Nbd7 {[%clk 1:29:59]} 5. Bc4 {[%clk 1:24:37]} Be7
{[%clk 1:30:18]} 6. O-O {[%clk 1:14:55]} O-O {[%clk 1:29:44]} 7. Re1
{[%clk 1:15:15]} c6 {[%clk 1:29:43]} 8. a4 {[%clk 1:14:57]} Qc7 {[%clk 1:29:22]}
9. Ba2 {[%clk 1:12:46]} b6 {[%clk 1:27:53]} 10. h3 {[%clk 1:10:20]} a6
{[%clk 1:25:38]} 11. Bg5 {[%clk 1:07:03]} Bb7 {[%clk 1:24:30]} 12. Nh4
{[%clk 0:53:24]} Rfe8 {[%clk 1:11:15]} 13. dxe5 {[%clk 0:47:24]} dxe5
{[%clk 1:10:56]} 14. Nf5 {[%clk 0:47:32]} Nc5 {[%clk 0:57:26]} 15. Qf3
{[%clk 0:41:41]} Ne6 {[%clk 0:49:00]} 16. Bxe6 {[%clk 0:40:36]} fxe6
{[%clk 0:49:19]} 17. Nxe7+ {[%clk 0:40:13]} Rxe7 {[%clk 0:46:15]} 18. Bxf6
{[%clk 0:35:34]} Rf8 {[%clk 0:41:02]} 19. Bxe5 {[%clk 0:30:21]} Qxe5
{[%clk 0:41:12]} 20. Qe3 {[%clk 0:27:22]} c5 {[%clk 0:41:05]} 21. Rad1
{[%clk 0:27:09]} Bc6 {[%clk 0:39:35]} 22. Rd2 {[%clk 0:26:15]} b5
{[%clk 0:39:36]} 23. axb5 {[%clk 0:24:06]} axb5 {[%clk 0:39:59]} 24. f3
{[%clk 0:20:19]} Ref7 {[%clk 0:35:13]} 25. Ne2 {[%clk 0:19:18]} b4
{[%clk 0:34:48]} 26. Red1 {[%clk 0:17:33]} Bb5 {[%clk 0:33:48]} 27. b3
{[%clk 0:13:21]} Bxe2 {[%clk 0:32:32]} 28. Qxe2 {[%clk 0:11:33]} Qg3
{[%clk 0:30:41]} 29. Rd8 {[%clk 0:10:51]} g5 {[%clk 0:29:53]} 30. Rxf8+
{[%clk 0:09:17]} Rxf8 {[%clk 0:30:11]} 31. Qc4 {[%clk 0:07:49]} Qe5
{[%clk 0:28:59]} 32. Qd3 {[%clk 0:06:07]} Ra8 {[%clk 0:23:07]} 33. Qd7
{[%clk 0:02:12]} h5 {[%clk 0:20:20]} 34. Qe7 {[%clk 0:01:38]} h4 {[%clk 0:18:39]}
35. Rd8+ {[%clk 0:01:35]} Rxd8 36. Qxd8+ {[%clk 0:01:35]} Kf7 {[%clk 0:19:03]}
37. Kf1 {[%clk 0:01:35]} Qa1+ {[%clk 0:17:18]} 38. Ke2 {[%clk 0:01:39]} Qe5
{[%clk 0:17:40]} 39. Qd7+ {[%clk 0:01:38]} Kg6 {[%clk 0:17:12]} 40. Qe8+
{[%clk 0:01:04]} Kg7 {[%clk 0:17:32]} 41. Qe7+ {[%clk 0:00:55]} Kg6
{[%clk 0:07:44]} 42. Qe8+ {[%clk 0:30:01]} Kg7 {[%clk 0:38:15]} 43. Qh5
{[%clk 0:29:58]} Qg3 {[%clk 0:36:55]} 44. Qg4 {[%clk 0:29:25]} Qe5
{[%clk 0:36:45]} 45. Kf1 {[%clk 0:19:01]} Qa1+ {[%clk 0:36:07]} 46. Ke2
{[%clk 0:18:48]} Qc1 {[%clk 0:32:36]} 47. Qxe6 {[%clk 0:19:02]} Qxc2+
{[%clk 0:32:58]} 48. Ke3 {[%clk 0:18:40]} Qc3+ {[%clk 0:32:27]} 49. Ke2
{[%clk 0:19:02]} 1/2-1/2

[Event "Winter Chess"]
[Site "?"]
[Date "2013.12.30"]
[Round "4.4"]
[White "Green, Andrew"]
[Black "Michielsen, Joost"]
[Result "0-1"]
[LiveChessVersion "1.4.2"]
[BlackElo "2343"]
[WhiteElo "2148"]

1. Nf3 {[%clk 1:30:55]} c5 {[%clk 1:28:12]} 2. c4 {[%clk 1:31:17]} Nf6
{[%clk 1:28:11]} 3. g3 {[%clk 1:29:50]} b6 {[%clk 1:28:24]} 4. Bg2
{[%clk 1:30:12]} Bb7 {[%clk 1:28:49]} 5. O-O {[%clk 1:30:12]} g6 {[%clk 1:28:25]}
6. Nc3 {[%clk 1:29:26]} Bg7 {[%clk 1:28:48]} 7. d4 {[%clk 1:29:19]} cxd4
{[%clk 1:29:12]} 8. Qxd4 {[%clk 1:29:41]} O-O {[%clk 1:28:34]} 9. Qh4
{[%clk 1:30:03]} d6 {[%clk 1:26:24]} 10. Bh6 {[%clk 1:25:53]} Nbd7
{[%clk 1:18:57]} 11. Rfd1 {[%clk 1:20:29]} Rc8 {[%clk 1:13:45]} 12. Bxg7
{[%clk 1:17:31]} Kxg7 {[%clk 1:13:03]} 13. Rac1 {[%clk 1:16:40]} Bxf3
{[%clk 1:08:55]} 14. exf3 {[%clk 1:14:53]} Rc5 {[%clk 1:01:42]} 15. Qd4
{[%clk 1:06:11]} Qb8 {[%clk 1:00:15]} 16. f4 {[%clk 1:02:55]} Kg8
{[%clk 0:59:56]} 17. Rd2 {[%clk 0:49:07]} Rfc8 {[%clk 0:53:41]} 18. Bf1
{[%clk 0:44:42]} a6 {[%clk 0:42:24]} 19. Re1 {[%clk 0:44:27]} Re8
{[%clk 0:42:36]} 20. b4 {[%clk 0:37:55]} Rcc8 {[%clk 0:35:25]} 21. h3
{[%clk 0:37:14]} Qc7 {[%clk 0:28:42]} 22. g4 {[%clk 0:26:38]} Qd8
{[%clk 0:27:44]} 23. g5 {[%clk 0:12:20]} Nh5 {[%clk 0:27:54]} 24. Be2
{[%clk 0:10:54]} e5 {[%clk 0:24:19]} 25. Qxd6 {[%clk 0:07:03]} Nxf4
{[%clk 0:20:28]} 26. Qxd7 {[%clk 0:06:52]} Qxg5+ {[%clk 0:20:48]} 27. Qg4
{[%clk 0:07:15]} Nxh3+ {[%clk 0:21:09]} 28. Kf1 {[%clk 0:07:39]} Qxd2
{[%clk 0:21:13]} 29. Qxh3 {[%clk 0:06:08]} Kg7 {[%clk 0:07:38]} 30. Rd1
{[%clk 0:04:16]} Qg5 {[%clk 0:06:33]} 31. Nd5 {[%clk 0:03:18]} Rc6
{[%clk 0:05:37]} 32. Qf3 {[%clk 0:01:00]} h5 {[%clk 0:05:13]} 33. a4
{[%clk 0:00:51]} e4 {[%clk 0:03:15]} 34. Qh3 {[%clk 0:00:51]} Rd6
{[%clk 0:02:03]} 35. Rb1 {[%clk 0:00:37]} b5 {[%clk 0:01:58]} 36. axb5
{[%clk 0:00:45]} axb5 {[%clk 0:02:26]} 37. Nc7 {[%clk 0:00:52]} Re5
{[%clk 0:01:35]} 38. Nxb5 {[%clk 0:00:36]} Rd2 {[%clk 0:02:03]} 39. c5
{[%clk 0:00:38]} e3 {[%clk 0:01:38]} 40. f3 {[%clk 0:00:40]} Qd8 {[%clk 0:00:51]}
41. Nd6 {[%clk 0:28:11]} Qa8 {[%clk 0:29:10]} 42. Qd7 {[%clk 0:20:57]} Qa2
{[%clk 0:26:14]} 43. Re1 {[%clk 0:20:06]} Rxe2 {[%clk 0:19:23]} 44. Ne8+
{[%clk 0:15:26]} Kh6 {[%clk 0:11:19]} 45. Rxe2 {[%clk 0:14:28]} Qb1+
{[%clk 0:11:44]} 46. Re1 {[%clk 0:14:03]} Qc2 {[%clk 0:12:01]} 47. Re2
{[%clk 0:14:04]} Qc1+ {[%clk 0:12:17]} 48. Re1 {[%clk 0:14:12]} e2+
{[%clk 0:11:50]} 49. Kf2 {[%clk 0:13:12]} Qe3+ {[%clk 0:12:15]} 50. Kg2
{[%clk 0:13:03]} Rg5+ {[%clk 0:12:39]} 0-1

[Event "Winter Chess"]
[Site "?"]
[Date "2013.12.30"]
[Round "4.5"]
[White "Kilpatrick, Callum"]
[Black "Hamitevici, Vladmir"]
[Result "1-0"]
[LiveChessVersion "1.4.2"]
[BlackElo "2508"]
[WhiteElo "2350"]

1. e4 {[%clk 1:30:53]} g6 {[%clk 1:25:21]} 2. d4 {[%clk 1:30:09]} Bg7
{[%clk 1:25:45]} 3. Nc3 {[%clk 1:29:51]} c6 {[%clk 1:26:09]} 4. Bc4
{[%clk 1:29:15]} d6 {[%clk 1:26:33]} 5. Qf3 {[%clk 1:28:43]} e6 {[%clk 1:26:56]}
6. Nge2 {[%clk 1:28:56]} Nf6 {[%clk 1:26:50]} 7. Bg5 {[%clk 1:24:35]} Nbd7
{[%clk 1:26:12]} 8. Bb3 {[%clk 1:20:53]} Qa5 {[%clk 1:22:10]} 9. h4
{[%clk 1:15:52]} O-O {[%clk 1:16:55]} 10. Bd2 {[%clk 0:54:11]} c5
{[%clk 1:09:07]} 11. O-O-O {[%clk 0:46:53]} a6 {[%clk 0:57:51]} 12. h5
{[%clk 0:33:04]} Qc7 {[%clk 0:51:54]} 13. dxc5 {[%clk 0:22:29]} dxc5
{[%clk 0:46:40]} 14. Bf4 {[%clk 0:22:51]} Ne5 {[%clk 0:44:17]} 15. hxg6
{[%clk 0:17:19]} hxg6 {[%clk 0:38:39]} 16. Qh3 {[%clk 0:16:32]} b5
{[%clk 0:38:49]} 17. a3 {[%clk 0:09:43]} c4 {[%clk 0:36:43]} 18. Ba2
{[%clk 0:10:03]} Re8 {[%clk 0:36:16]} 19. Qh2 {[%clk 0:07:41]} Nh5
{[%clk 0:33:23]} 20. Be3 {[%clk 0:08:10]} Qe7 {[%clk 0:29:58]} 21. f3
{[%clk 0:08:23]} b4 {[%clk 0:29:38]} 22. Nb1 {[%clk 0:02:42]} b3 {[%clk 0:25:02]}
23. cxb3 {[%clk 0:03:05]} cxb3 {[%clk 0:14:37]} 24. Bxb3 {[%clk 0:03:33]} Rb8
{[%clk 0:14:42]} 25. Bd4 {[%clk 0:00:46]} Rxb3 {[%clk 0:13:52]} 26. Bxe5
{[%clk 0:01:13]} Qc5+ {[%clk 0:10:13]} 27. Bc3 {[%clk 0:01:41]} Qe3+
{[%clk 0:03:23]} 28. Rd2 {[%clk 0:01:45]} Bd7 {[%clk 0:01:36]} 29. Qg1
{[%clk 0:02:01]} Qxg1+ {[%clk 0:01:03]} 30. Rxg1 {[%clk 0:02:30]} Bh6
{[%clk 0:01:26]} 31. g4 {[%clk 0:02:04]} Nf4 {[%clk 0:00:57]} 32. g5
{[%clk 0:01:56]} Nxe2+ {[%clk 0:01:15]} 33. Rxe2 {[%clk 0:02:24]} Bg7
{[%clk 0:01:10]} 34. Rd2 {[%clk 0:01:41]} Rb7 {[%clk 0:00:50]} 35. e5
{[%clk 0:00:52]} Bc6 {[%clk 0:01:04]} 36. f4 {[%clk 0:01:18]} Rc8
{[%clk 0:00:54]} 37. Bb4 {[%clk 0:01:19]} Bd5+ {[%clk 0:00:34]} 38. Nc3
{[%clk 0:01:44]} Rc4 {[%clk 0:01:02]} 39. Rf1 {[%clk 0:00:52]} Bf8
{[%clk 0:01:22]} 40. Bxf8 {[%clk 0:01:09]} Kxf8 {[%clk 0:01:51]} 41. Rff2
{[%clk 0:26:52]} Ke7 {[%clk 0:29:12]} 42. Kd1 {[%clk 0:25:47]} Bc6
{[%clk 0:29:38]} 43. Ke2 {[%clk 0:24:55]} Rb3 {[%clk 0:27:53]} 44. Ke3
{[%clk 0:22:51]} Rxb2 {[%clk 0:20:42]} 45. Rxb2 {[%clk 0:23:12]} Rxc3+
{[%clk 0:21:08]} 46. Kd4 {[%clk 0:22:46]} Rxa3 {[%clk 0:21:32]} 47. Ra2
{[%clk 0:22:36]} Rh3 {[%clk 0:21:52]} 48. Rxa6 {[%clk 0:22:42]} Bd5
{[%clk 0:21:58]} 49. Ra7+ {[%clk 0:22:00]} Kf8 {[%clk 0:22:22]} 50. Rc7
{[%clk 0:20:31]} Kg7 {[%clk 0:20:02]} 51. Rc8 {[%clk 0:17:36]} Rh4
{[%clk 0:20:06]} 52. Kc5 {[%clk 0:17:35]} Rh3 {[%clk 0:18:52]} 53. Kd6
{[%clk 0:17:58]} Ra3 54. Rh2 {[%clk 0:17:58]} Ra6+ {[%clk 0:18:34]} 55. Kc5
{[%clk 0:17:58]} Ra5+ {[%clk 0:18:34]} 56. Kb4 {[%clk 0:17:58]} Ra8
{[%clk 0:18:34]} 57. Rxa8 {[%clk 0:17:58]} Bxa8 {[%clk 0:18:34]} 58. Kc5
{[%clk 0:17:58]} 1-0

[Event "Winter Chess"]
[Site "?"]
[Date "2013.12.30"]
[Round "4.6"]
[White "Brechin, Hugh"]
[Black "Kirk, Larry"]
[Result "1-0"]
[LiveChessVersion "1.4.2"]
[BlackElo "2078"]
[WhiteElo "2019"]

1. d4 {[%clk 1:30:43]} c5 {[%clk 1:30:54]} 2. d5 {[%clk 1:30:51]} e5
{[%clk 1:31:10]} 3. e4 {[%clk 1:31:07]} d6 {[%clk 1:31:35]} 4. Nc3
{[%clk 1:31:32]} Be7 {[%clk 1:29:42]} 5. f4 {[%clk 1:31:11]} exf4
{[%clk 1:30:07]} 6. Bxf4 {[%clk 1:31:36]} a6 {[%clk 1:25:39]} 7. a4
{[%clk 1:25:22]} Nf6 {[%clk 1:23:46]} 8. Nf3 {[%clk 1:22:06]} Bg4
{[%clk 1:16:13]} 9. Be2 {[%clk 1:18:49]} O-O {[%clk 1:06:19]} 10. Nd2
{[%clk 1:17:04]} Bxe2 {[%clk 0:53:25]} 11. Qxe2 {[%clk 1:17:29]} g6
{[%clk 0:49:42]} 12. O-O {[%clk 1:12:34]} Nbd7 {[%clk 0:46:49]} 13. Nc4
{[%clk 1:11:11]} Ne8 {[%clk 0:40:51]} 14. Rae1 {[%clk 1:04:53]} Nb6
{[%clk 0:35:38]} 15. Bh6 {[%clk 1:02:03]} Nxc4 {[%clk 0:28:28]} 16. Bxf8
{[%clk 0:59:51]} Bxf8 {[%clk 0:24:59]} 17. Qxc4 {[%clk 1:00:07]} Bg7
{[%clk 0:25:00]} 18. Rf3 {[%clk 0:58:40]} Qh4 {[%clk 0:23:10]} 19. Ref1
{[%clk 0:55:57]} Nf6 {[%clk 0:15:15]} 20. Rf4 {[%clk 0:54:37]} Qg5
{[%clk 0:15:25]} 21. Qb3 {[%clk 0:54:15]} Nh5 {[%clk 0:10:20]} 22. R4f3
{[%clk 0:48:25]} Re8 {[%clk 0:04:31]} 23. Qxb7 {[%clk 0:47:20]} f5
{[%clk 0:04:38]} 24. exf5 {[%clk 0:44:05]} Bd4+ {[%clk 0:04:30]} 25. Kh1
{[%clk 0:43:33]} gxf5 {[%clk 0:02:17]} 26. Qd7 {[%clk 0:42:11]} Re5
{[%clk 0:02:41]} 27. g3 {[%clk 0:36:53]} Qh6 {[%clk 0:01:58]} 28. Qd8+
{[%clk 0:33:39]} Kg7 {[%clk 0:02:19]} 29. g4 {[%clk 0:32:02]} Nf6
{[%clk 0:01:48]} 30. g5 {[%clk 0:32:16]} Qxg5 {[%clk 0:01:17]} 31. Rg3
{[%clk 0:32:39]} 1-0

[Event "Winter Chess"]
[Site "?"]
[Date "2013.12.30"]
[Round "4.7"]
[White "Bamber, Elaine"]
[Black "Olson, Hamish"]
[Result "1-0"]
[LiveChessVersion "1.4.2"]
[BlackElo "2032"]
[WhiteElo "2119"]

1. e4 {[%clk 1:30:59]} c6 {[%clk 1:30:55]} 2. d4 {[%clk 1:31:26]} d5
{[%clk 1:31:20]} 3. Nc3 {[%clk 1:31:53]} b5 {[%clk 1:31:46]} 4. exd5
{[%clk 1:28:58]} b4 {[%clk 1:32:10]} 5. Ne4 {[%clk 1:26:08]} cxd5
{[%clk 1:31:50]} 6. Nc5 {[%clk 1:22:48]} Nf6 {[%clk 1:30:33]} 7. Bf4
{[%clk 1:22:32]} Qa5 {[%clk 1:26:59]} 8. Bd2 {[%clk 1:12:55]} e5 {[%clk 1:04:25]}
9. a3 {[%clk 1:11:07]} Bxc5 {[%clk 1:00:51]} 10. axb4 {[%clk 1:10:50]} Qc7
{[%clk 1:00:14]} 11. Bb5+ {[%clk 1:09:00]} Nc6 {[%clk 0:58:55]} 12. dxc5
{[%clk 1:03:42]} O-O {[%clk 0:59:07]} 13. Nf3 {[%clk 1:00:04]} Bg4
{[%clk 0:54:20]} 14. Be2 {[%clk 0:52:57]} e4 {[%clk 0:47:13]} 15. Ng1
{[%clk 0:50:56]} Be6 {[%clk 0:45:28]} 16. Qc1 {[%clk 0:45:08]} d4
{[%clk 0:36:58]} 17. Bf4 {[%clk 0:44:12]} Ne5 {[%clk 0:37:01]} 18. Ba6
{[%clk 0:37:24]} Nd5 {[%clk 0:27:23]} 19. Ne2 {[%clk 0:22:30]} Nxb4
{[%clk 0:26:20]} 20. Nxd4 {[%clk 0:20:15]} Nxa6 {[%clk 0:21:14]} 21. Rxa6
{[%clk 0:19:45]} Bc4 {[%clk 0:20:48]} 22. Ra4 {[%clk 0:17:48]} Qd7
{[%clk 0:18:52]} 23. Bxe5 {[%clk 0:16:08]} Qxa4 {[%clk 0:19:10]} 24. Bxg7
{[%clk 0:12:22]} Qa5+ {[%clk 0:18:17]} 25. c3 {[%clk 0:12:32]} Qxc5
{[%clk 0:11:29]} 26. Qh6 {[%clk 0:11:04]} f5 {[%clk 0:11:35]} 27. Qg5
{[%clk 0:09:07]} Kf7 {[%clk 0:07:31]} 28. Nxf5 {[%clk 0:09:01]} Qxf5
{[%clk 0:04:09]} 29. Qxf5+ {[%clk 0:09:18]} Kxg7 {[%clk 0:04:31]} 30. Qe5+
{[%clk 0:07:52]} Kg8 {[%clk 0:04:36]} 31. h4 {[%clk 0:05:53]} e3 {[%clk 0:04:22]}
32. fxe3 {[%clk 0:05:22]} Rad8 {[%clk 0:04:49]} 33. Qg3+ {[%clk 0:04:26]} Kh8
{[%clk 0:05:10]} 34. Qe5+ {[%clk 0:04:53]} Kg8 {[%clk 0:05:36]} 35. h5
{[%clk 0:05:08]} Rd7 {[%clk 0:02:18]} 36. Qg3+ {[%clk 0:05:00]} Kh8
{[%clk 0:02:09]} 37. Qe5+ {[%clk 0:05:26]} Kg8 {[%clk 0:02:35]} 38. h6
{[%clk 0:05:24]} Rdf7 {[%clk 0:01:14]} 39. b3 {[%clk 0:02:48]} Bxb3
{[%clk 0:01:10]} 40. Qg3+ {[%clk 0:02:22]} Kh8 {[%clk 0:01:29]} 41. Qg4
{[%clk 0:00:43]} a5 {[%clk 0:01:13]} 42. c4 {[%clk 0:30:18]} a4 {[%clk 0:31:24]}
43. Qd4+ {[%clk 0:30:30]} Kg8 {[%clk 0:31:47]} 44. Qc3 {[%clk 0:29:21]} Rb7
{[%clk 0:30:22]} 45. Rh4 {[%clk 0:28:59]} Rff7 {[%clk 0:29:32]} 46. Re4
{[%clk 0:28:37]} a3 {[%clk 0:25:42]} 47. Re8+ {[%clk 0:28:41]} Rf8
{[%clk 0:26:07]} 48. Rxf8+ 1-0

[Event "Winter Chess"]
[Site "?"]
[Date "2013.12.30"]
[Round "4.8"]
[White "Edwards, Jonathan"]
[Black "Stevenson, Jim"]
[Result "1-0"]
[LiveChessVersion "1.4.2"]
[BlackElo "2102"]
[WhiteElo "2138"]

1. e4 {[%clk 1:30:56]} c5 {[%clk 1:30:40]} 2. Nf3 {[%clk 1:31:18]} e6
{[%clk 1:30:54]} 3. d4 {[%clk 1:31:21]} cxd4 {[%clk 1:31:13]} 4. Nxd4
{[%clk 1:31:47]} Nf6 {[%clk 1:31:21]} 5. Nc3 {[%clk 1:32:09]} Nc6
{[%clk 1:31:42]} 6. Nxc6 {[%clk 1:23:23]} bxc6 {[%clk 1:31:30]} 7. e5
{[%clk 1:23:27]} Nd5 {[%clk 1:30:45]} 8. Ne4 {[%clk 1:22:54]} Qc7
{[%clk 1:24:49]} 9. f4 {[%clk 1:20:36]} Qb6 {[%clk 1:24:27]} 10. Qe2
{[%clk 1:16:05]} a5 {[%clk 1:20:57]} 11. a3 {[%clk 1:10:02]} Be7 {[%clk 1:14:48]}
12. c4 {[%clk 1:08:49]} Ba6 {[%clk 1:12:24]} 13. Qd2 {[%clk 1:06:57]} f5
{[%clk 1:08:56]} 14. cxd5 {[%clk 0:53:42]} fxe4 {[%clk 1:08:45]} 15. d6
{[%clk 0:53:40]} Bd8 {[%clk 1:06:30]} 16. Qc3 {[%clk 0:49:12]} O-O
{[%clk 0:52:43]} 17. Be3 {[%clk 0:49:08]} Qb7 {[%clk 0:51:56]} 18. O-O-O
{[%clk 0:37:45]} a4 {[%clk 0:45:27]} 19. Rd4 {[%clk 0:36:30]} Bxf1
{[%clk 0:36:19]} 20. Rxf1 {[%clk 0:34:30]} c5 {[%clk 0:33:41]} 21. Rc4
{[%clk 0:34:20]} Ba5 {[%clk 0:26:36]} 22. Qc2 {[%clk 0:34:14]} Rfb8
{[%clk 0:25:38]} 23. Rf2 {[%clk 0:28:48]} Qa6 {[%clk 0:21:20]} 24. Qxe4
{[%clk 0:27:38]} Rb3 {[%clk 0:19:34]} 25. Bd2 {[%clk 0:14:33]} Rab8
{[%clk 0:15:33]} 26. Bxa5 {[%clk 0:14:12]} Qxa5 {[%clk 0:16:00]} 27. Rxa4
{[%clk 0:14:05]} Qb5 {[%clk 0:13:32]} 28. Ra8 {[%clk 0:14:11]} Rxa8
{[%clk 0:12:34]} 29. Qxa8+ {[%clk 0:14:36]} Kf7 {[%clk 0:12:51]} 30. Qe4
{[%clk 0:14:26]} g6 {[%clk 0:09:14]} 31. g4 {[%clk 0:14:08]} c4 {[%clk 0:06:11]}
32. f5 {[%clk 0:14:26]} c3 {[%clk 0:05:26]} 33. fxg6+ {[%clk 0:14:07]} Kg7
{[%clk 0:03:48]} 34. Rf7+ {[%clk 0:12:12]} Kg8 {[%clk 0:04:03]} 35. Qa8+
{[%clk 0:12:28]} 1-0